000
00335nam a2200145Ia 4500
008
230718s9999 xx 000 0 und d
041
_a
Eng.
082
_a
423
_b
BLA-B
100
_a
Black's Henry Compbell
245
0
_a
Black's Law Act
260
_a
Pakistan
_b
West Publishers
_c
2016
300
_a
2016
650
_a
Law
999
_c
30845
_d
30845